000 00456nam a2200181Ia 4500
008 230711s9999||||xx |||||||||||||| ||und||
020 _a978-93-85039-10-2
041 _aENG
082 _a621.815
_bPA-M
100 _aPandya,N.C
245 0 _aElements of Machine Design
250 _a12th Ed.
260 _c2015
_aGujarat
_bCharotar Publishing House PVT.LTD
300 _a1064p.
650 _aMechanical Engineering
700 _aShah,C.S
942 _cBK
999 _c6726
_d6726